000 00748cam a2200193 i 4500
005 20260128095230.0
008 250721s1996 ts gr 000 0 ara d
082 1 4 _a363.4095665
_bس ر ح
100 1 _aسرحان، هاشم عبد الله
_eمؤلف.
245 1 0 _aأنماط تعاطي المخدرات في مجتمع الإمارات /
_cتأليف: د. هاشم عبدالله سرحان.
250 _aالطبعة الأولى.
264 3 1 _aابو ظبي :
_bمنشورات المجتمع الثقافي،
_c1996.
300 _a349 صفحة.
650 1 7 _aالمخدرات.
650 1 7 _aالمشاكل الإجتماعية.
650 1 7 _aالامارات العربية.
942 _2ddc
_cBK
999 _c20589
_d20589